Statistics for Musical "Boys" - Artists and Songs Containing "Boy"

Click here to take the quiz!

General Stats

  • This quiz has been taken 27 times
  • The average score is 8 of 21

Answer Stats

CategoryHintAnswer% Correct
ArtistsWouldn't It Be Nice, Good Vibrations, God Only Knows, Surfin' U.S.A.Beach Boys
96%
ArtistsI Want It That Way, Everybody, Shape of My Heart, As Long as You Love MeBackstreet Boys
81%
ArtistsSabotage, Fight For Your Right, IntergalacticBeastie Boys
81%
ArtistsEnd of the Road, One Sweet Day, I'll Make Love To You, On Bended KneeBoyz II Men
74%
ArtistsWest End Girls, Always on My Mind, It's a Sin, Go WestPet Shop Boys
74%
SongsAvril LavigneHe was this, so she said "see you later"Sk8r Boi
70%
SongsDon HenleyMy love for you will still be strong after these people have goneThe Boys of Summer
48%
ArtistsCenturies, Sugar, We're Going Down, Thnks fr the MmrsFall Out Boy
44%
ArtistsKiss Me Thru The Phone, Crank ThatSoulja Boy
41%
SongsThin LizzySpread the word around because Friday night these people will be dressed to kill down at Dino's bar and grillThe Boys are Back In Town
41%
SongsJustin BieberIf I was this person, I'd never let you goBoyfriend
33%
ArtistsPraise You, Right Here, Right Now, The Rockafeller Skank, Wonderful NightFatboy Slim
33%
SongsEstelle, Kanye WestTake me on a trip, I'd like to go some day; you'll be my thisAmerican Boy
26%
SongsRuth B.I'm one of these people from Neverland, usually hanging out with Peter PanLost Boy
26%
SongsThe Black KeysI'm this; I got a love that keeps me waitingLonely Boy
19%
SongsIngrid MichaelsonAll the broken hearts in the world still beat; let's not make it harder than it has to be because this happensGirls Chase Boys
11%
SongsWiz KhalifaHol' up, we're these people, we makin' noiseWe Dem Boyz
11%
ArtistsTwo Is Better Than One, The Great Escape, Love DrunkBoys Like Girls
7%
SongsEazy-EThese people are always hard; if you come talking that trash, they'll pull your cardBoyz-N-The-Hood
7%
ArtistsDance, Baby!, Feeling Lonely, Everytime, Losing Youboy pablo
4%
SongsBlake SheltonThese people are drinking ice cold beer, talking about girls and talking about trucksBoys 'Round Here
4%

Score Distribution

Percentile by Number Answered

Percent of People with Each Score

Your Score History

You have not taken this quiz